10 Największych krajów europy według powierzchni - Statystyki

Ogólne statystyki
  • Ten quiz został rozwiązany 63 razy
  • Średni wynik to 10 z 10
Statystyki odpowiedzi
Rozmiar Europa % Poprawnych
603,550 km2 Ukraina
100%
312,696 km2 Polska
98%
551,500 km2 Francja
96%
505,370 km2 Hiszpania
96%
243,610 km2 Wielka Brytania
96%
338,145 km2 Finlandia
95%
357,022 km2 Niemcy
95%
323,802 km2 Norwegia
95%
450,295 km2 Szwecja
95%
301,340 km2 Włochy
93%
Nie znaleziono quizów pasujących do podanych kryteriów
Rozkład punktacji
Procent ludzi z każdym wynikiem
Percentyl według liczby udzielonych odpowiedzi
Twoja historia wyników
Nie rozwiązałeś tego quizu